书目信息 |
| 题名: |
苏联中学七年级化学教学法简明指南
|
|
| 作者: | 杜宾宁 著 ;王悦祖 译 | |
| 分册: | ||
| 出版信息: | 北京 人民教育出版社 1956 |
|
| 页数: | 168页 | |
| 开本: | 19cm | |
| 丛书名: | ||
| 单 册: | ||
| 中图分类: | G633.82 | |
| 科图分类: | ||
| 主题词: | 教育--各级 | |
| 电子资源: | ||
| ISBN: | ||
| 000 | 00650nam0 2200205 450 | |
| 001 | 0659688171 | |
| 005 | 20060814162842.68 | |
| 010 | @dCNY0.44 | |
| 100 | @a20060721d1956 km y0chiy0120 ea | |
| 101 | 0 | @achi |
| 102 | @aCN@b110000 | |
| 200 | 1 | @a苏联中学七年级化学教学法简明指南@Asu lian zhong xue qi nian ji hua xue jiao xue fa jian ming zhi nan@f杜宾宁著@Fdu bin ning zhu@g王悦祖译@Gwang yue zu yi |
| 210 | @a北京@c人民教育出版社@d1956 | |
| 215 | @a168页@d19cm | |
| 606 | 0 | @a教育@x各级 |
| 690 | @aG633.82@v3 | |
| 701 | 0 | @a杜宾宁@Adu bin ning@4著 |
| 702 | 0 | @a王悦祖@Awang yue zu@4译 |
| 801 | 0 | @aCN@bPFT@c20060814 |
| 905 | @a10447@dG633.82@e185:7 | |
| 苏联中学七年级化学教学法简明指南/杜宾宁著/王悦祖译.-北京:人民教育出版社,1956 |
| 168页;19cm |
| ISBN :CNY0.44 |
| ● |
| 相关链接 |
|
|
|
|
正题名:苏联中学七年级化学教学法简明指南
索取号:G633.82/185:7
 
预约/预借
| 序号 | 登录号 | 条形码 | 馆藏地/架位号 | 状态 | 备注 |
| 1 | 0425100 | 204251004 | 密集书库/ [索取号:G633.82/185:7] | 在馆 | |
| 2 | 0459866 | 204598667 | 密集书库/ [索取号:G633.82/185:7] | 在馆 |